अदृश्य जाल/ (Record no. 197847)
[ view plain ]
| 000 -LEADER | |
|---|---|
| fixed length control field | 00912nam a22002057a 4500 |
| 005 - DATE AND TIME OF LATEST TRANSACTION | |
| control field | 20230911123506.0 |
| 010 ## - LCCN (DPL NO) | |
| LC control number | HIN-125811 |
| 020 ## - INTERNATIONAL STANDARD BOOK NUMBER | |
| Terms of availability | 175.00 |
| International Standard Book Number | 9788195124145 |
| 035 ## - SYSTEM CONTROL NUMBER | |
| System control number | HN-98157 |
| 037 ## - SOURCE OF ACQUISITION | |
| Source of stock number/acquisition | DBAD/PUB |
| 082 ## - DEWEY DECIMAL CLASSIFICATION NUMBER | |
| Classification number | क |
| 100 ## - MAIN ENTRY--PERSONAL NAME | |
| Personal name | त्रिवेणी सिंह |
| 245 ## - TITLE STATEMENT | |
| Title | अदृश्य जाल/ |
| Statement of responsibility, etc | त्रिवेणी सिंह, अमित दुबे |
| 260 ## - PUBLICATION, DISTRIBUTION, ETC. (IMPRINT) | |
| Place of publication, distribution, etc | दिल्ली |
| Name of publisher, distributor, etc | अनबाउन्ड स्क्रिप्ट |
| Date of publication, distribution, etc | 2021 |
| 270 ## - ADDRESS | |
| Address | एच-604 ,प्लॉट नं.-49 इन्द्रप्रस्थ एक्सटेंशन |
| City | दिल्ली |
| Postal code | 110092 |
| 300 ## - PHYSICAL DESCRIPTION | |
| Extent | 97पृ. |
| Dimensions | 20 सेमी.(अजिल्द) |
| 500 ## - GENERAL NOTE | |
| General note | साइबर क्राइम की सचची कहानिया |
| 700 ## - ADDED ENTRY--PERSONAL NAME | |
| Personal name | अमित दुबे |
| 9 (RLIN) | 56209 |
| 942 ## - ADDED ENTRY ELEMENTS (KOHA) | |
| Source of classification or shelving scheme | Dewey Decimal Classification |
| Item type | Hindi Books |
| Call number suffix | त्रिवेणी |
| Classification part | क |
| Withdrawn status | Lost status | Not for loan | Collection code | Home library | Current library | Date acquired | Source of acquisition | Cost, normal purchase price | Full call number | Barcode | Copy number | Cost, replacement price | Koha item type |
|---|---|---|---|---|---|---|---|---|---|---|---|---|---|
| Fiction | Central Jail Tihar | Central Jail Tihar | 05/09/2023 | DBAD/PUB | 175.00 | त्रिवेणी क | HN-98157 | 1 | 175.00 | Hindi Books |
